| 000 | 00603nam a22001937a 4500 | ||
|---|---|---|---|
| 005 | 20251119142227.0 | ||
| 010 | _aENG-147064 | ||
| 020 |
_a9789369732821 _c945.00 |
||
| 035 | _aEN-130596 | ||
| 037 | _bDBAD | ||
| 082 |
_a320.44 _21 |
||
| 100 |
_aKrishnan, Radhika _985695 |
||
| 245 |
_aShankar Guha Niyogi : _bA Politics in Red and Green / _cRadhika Krishnan |
||
| 260 |
_aTelangana _bOrient Blackswan Private Limited _c2025 |
||
| 270 |
_a3-6-752 Himayatnagar , _bHyderabad _e500029 |
||
| 300 |
_axiii,252p. _c21.5cm(Pb) _bIndex |
||
| 760 | _b1 | ||
| 942 |
_2ddc _cEN _h320.44 _mKRI _e1 |
||
| 999 |
_c213769 _d213769 |
||